| 000 | 00864nam a22002297a 4500 | ||
|---|---|---|---|
| 008 | 120216s2011 xxu|||||r|||| 001 0 eng d | ||
| 020 | _a0132577135 | ||
| 020 | _a9780132577137 | ||
| 082 |
_222 _a692.5 _bDAG |
||
| 100 |
_928978 _aDagostino, Frank R |
||
| 245 |
_aEstimating in Building Construction / _cFrank R. Dagostino, Steven J. Peterson. |
||
| 250 |
_a7th ed., _bInternational ed. |
||
| 260 |
_aUpper Saddle River, N.J. : _bPearson Education, _c2011. |
||
| 300 |
_axii, 273 p. : _bill. ; _c28 cm. + _e1 CD-ROM + 1 booklet. |
||
| 500 | _aIncludes 1 booklet with 35 leaves of plans on folded A3 paper. | ||
| 504 | _aIncludes bibliographical references and index. | ||
| 650 |
_928979 _aBuilding _xEstimatesData processing |
||
| 653 |
_bArch _cFebruary2012 |
||
| 650 |
_920186 _aBuilding _xEstimates |
||
| 700 |
_928980 _aPeterson, Steven J. |
||
| 942 |
_2ddc _cBB |
||
| 999 |
_c16481 _d16481 |
||